00497nam a2200157Ia 4500008004100000020001500041040001200056082001400068100003800082245008200120260003600202300000700238942000700245999001700252952007000269200103s9999||||xx |||||||||||||| ||und|| a8186270019 aIMU-MPC aColumn-57 aBanwait, S. S. and Laroiya, S. C. 0aProperties of Refrigerant and Psychrometric: Tables and Charts in S. I. Units bBirla Publications, Delhic2003 a64 cBK c10705d10705 00104070911717cColumn-57d2020-01-08pMPC5318r2025-03-17yBK